000 00567nam a2200205Ia 4500
005 20250923145407.0
008 008 250917s9999 xx 000 0 eng d
037 _aTextual
040 _aDSWL
_beng
_cDSWL
041 _aeng
_2eng
084 _aV2'I<-E, N60
_qDSWL
100 _aPandey, A.B.
_9834840
245 0 _aEarly Medieval India
_c by A.B. Pandey
260 _aAllahabad
_bCentral Book Depot.
_c1965
300 _ax,366p.
365 _aINR
_b10 . 0
925 _g10 . 0
942 _cTEXL
_hV2'I<-E, N60
999 _c1450834
_d1450834